Far from the madding crowd (Record no. 4790)

MARC details
000 -CABECERA
campo de control de longitud fija 02394pam a22004211i 4500
001 - NÚMERO DE CONTROL
campo de control 991012717489707026
003 - IDENTIFICADOR DEL NÚMERO DE CONTROL
campo de control UkOxU
005 - FECHA Y HORA DE LA ÚLTIMA TRANSACCIÓN
campo de control 20250625113846.0
006 - CÓDIGOS DE INFORMACIÓN DE LONGITUD FIJA--CARACTERÍSTICAS DEL MATERIAL ADICIONAL
campo de control de longitud fija m || d |
007 - CAMPO FIJO DE DESCRIPCIÓN FÍSICA--INFORMACIÓN GENERAL
campo de control de longitud fija cr |||||||||||
008 - DATOS DE LONGITUD FIJA--INFORMACIÓN GENERAL
campo de control de longitud fija 200803s2020 enk o 000|f|eng|d
015 ## - NÚMERO DE BIBLIOGRAFÍA NACIONAL
Número de bibliografía nacional GBC0D6092
Fuente bnb
020 ## - NÚMERO INTERNACIONAL ESTÁNDAR DEL LIBRO
Número Internacional Estándar del Libro 9780241463321
035 ## - NÚMERO DE CONTROL DEL SISTEMA
Número de control de sistema 022259643-44oxf_inst
035 ## - NÚMERO DE CONTROL DEL SISTEMA
Número de control de sistema (UkOxU)022259643
035 ## - NÚMERO DE CONTROL DEL SISTEMA
Número de control de sistema (Uk)019930352
037 ## - FUENTE DE ADQUISICIÓN
Número de adquisición PenguinBooksLtd486382
Fuente del número de adquisición Ingram Content Group
040 ## - FUENTE DE LA CATALOGACIÓN
Centro catalogador/agencia de origen StDuBDS
Lengua de catalogación eng
Normas de descripción rda
-- pn
Centro/agencia transcriptor StDuBDS
Centro/agencia modificador Uk
-- UkOxU
041 ## - CÓDIGO DE LENGUA
Código de lengua del texto/banda sonora o título independiente eng
042 ## - CÓDIGO DE AUTENTICACIÓN
Código de autenticación ukblsr
100 ## - ENTRADA PRINCIPAL--NOMBRE DE PERSONA
Nombre de persona Hardy, Thomas
Término indicativo de función/relación author
9 (RLIN) 25569
245 00 - MENCIÓN DE TÍTULO
Título Far from the madding crowd
Mención de responsabilidad, etc. / adapted from the novel by Thomas Hardy.
264 #1 - PRODUCCIÓN, PUBLICACIÓN, DISTRIBUCIÓN, FABRICACIÓN Y COPYRIGHT
Producción, publicación, distribución, fabricación y copyright London :
Nombre del de productor, editor, distribuidor, fabricante Penguin Books,
Fecha de producción, publicación, distribución, fabricación o copyright 2020.
300 ## - DESCRIPCIÓN FÍSICA
Extensión 95 pages :
Otras características físicas illustrations ;
Dimensiones 20 cm.
490 ## - MENCIÓN DE SERIE
Mención de serie Penguin readers ;
Designación de volumen o secuencia Level 5
500 ## - NOTA GENERAL
Nota general Level 5.
520 ## - SUMARIO, ETC.
Sumario, etc. With carefully adapted text, new illustrations, language practise activities and additional online resources, the Penguin Readers series introduces language learners to bestselling authors and compelling content. Titles include popular classics, exciting contemporary fiction, and thought-provoking non-fiction. Far from the Madding Crowd, a Level 5 Reader, is B1 in the CEFR framework. The text is made up of sentences with up to four clauses, introducing present perfect continuous, past perfect, reported speech and second conditional. It is well supported by illustrations, which appear regularly. Bathsheba Everdene is young and beautiful. She has her own farm and she likes to do things her way. Three men are in love with her - a poor shepherd, a rich farmer and a soldier. Which man will she choose, and will he be the right one for her?
540 ## - NOTA DE CONDICIONES DE USO Y REPRODUCCIÓN
Condiciones de uso y reproducción Restricted: Printing from this resource is governed by The Legal Deposit Libraries (Non-Print Works) Regulations (UK) and UK copyright law currently in force.
Institución que aplica el campo UkOxU
588 ## - NOTA DE FUENTE DE LA DESCRIPCIÓN
Nota de fuente de la descripción Description based on CIP data; resource not viewed.
650 #0 - PUNTO DE ACCESO ADICIONAL DE MATERIA--TÉRMINO DE MATERIA
Término de materia o nombre geográfico como elemento de entrada Manners and customs
Subdivisión de forma Fiction
9 (RLIN) 25571
650 #0 - PUNTO DE ACCESO ADICIONAL DE MATERIA--TÉRMINO DE MATERIA
Término de materia o nombre geográfico como elemento de entrada Farm life
Subdivisión geográfica England
Subdivisión de forma Fiction
9 (RLIN) 25572
651 #0 - PUNTO DE ACCESO ADICIONAL DE MATERIA--NOMBRE GEOGRÁFICO
Nombre geográfico Dorset (England)
Subdivisión general Social life and customs
Subdivisión de forma Fiction
9 (RLIN) 25570
655 #0 - TÉRMINO DE INDIZACIÓN--GÉNERO/FORMA
Datos o término principal de género/forma Readers (Adult)
9 (RLIN) 22484
700 ## - ENTRADA AGREGADA--NOMBRE PERSONAL
Nombre de persona Hardy, Thomas
Fechas asociadas al nombre 1840-1928
Título de la obra Far from the madding crowd
9 (RLIN) 25573
700 ## - ENTRADA AGREGADA--NOMBRE PERSONAL
Nombre de persona Collins, Anne
Fechas asociadas al nombre 1952-
9 (RLIN) 25574
Término indicativo de función/relación author
700 ## - ENTRADA AGREGADA--NOMBRE PERSONAL
Nombre de persona Grott, Isabella
Fechas asociadas al nombre 1985-
9 (RLIN) 25575
Término indicativo de función/relación author
942 ## - ELEMENTOS DE ENTRADA AGREGADA (KOHA)
Fuente del sistema de clasificación o colocación Clasificación de Library of Congress
Holdings
Estado de retiro Estado de pérdida Fuente del sistema de clasificación o colocación Estado dañado No para préstamo Biblioteca de origen Biblioteca actual Fecha de adquisición Total de préstamos Signatura topográfica completa Código de barras Fecha visto por última vez Fecha del último préstamo Número de copia Precio válido a partir de Tipo de ítem Koha
    Clasificación de Library of Congress     TBS Barcelona TBS Barcelona 25/06/2025 2 READER-EN HAR B07576 23/04/2026 26/02/2026 1 25/06/2025 Teach Yourself English

Powered by Koha